Peristiwa di pulau tiga

Bibliographic Details
Main Author: Anjang Ali
Format: Book
Published: Selangor : Hasrat Murni , 2003
Series:Siri menjejak bukti
Subjects:

MARC

LEADER 00000cam a2200000 7i4500
001 0000059310
005 20160131.0
008 160131
020 |a 9830601706 
020 |a 9830601781 (set) 
090 0 0 |a AD   |b MAL 
100 1 |a Anjang Ali 
245 0 0 |a Peristiwa di pulau tiga   |c Anjang Ali 
260 |a Selangor :   |b Hasrat Murni ,   |c 2003 
490 1 |a Siri menjejak bukti 
500 |a Children ages 7-9 years old (orange) 
650 0 |a Adventure 
650 0 |a Junior fiction   |x Malay   |x Languages 
999 |a 0000883270   |b Book   |c Children Collection   |e Cawangan Segamat 
999 |a 0000883271   |b Book   |c Children Collection   |e Cawangan Segamat 
999 |a 0000883272   |b Book   |c Children Collection   |e Cawangan Segamat 
999 |a 0000918912   |b Book   |c Children Collection   |e Cawangan Bukit Gambir 
999 |a 0000930434   |b Book   |c Children Collection   |e Cawangan Tangkak 
999 |a 0000930435   |b Book   |c Children Collection   |e Cawangan Tangkak 
999 |a 0000930436   |b Book   |c Children Collection   |e Cawangan Tangkak